000 00766nam a2200289Ia 4500
008 170712s9999 xx 000 0 und d
020 _a9789712718526
050 _a700.95
050 _bB523 2007
100 _aBernardo, Carmencita
245 _aLakbay sining :
245 _breading on cultural development in the Philippines /
245 _cby Carmencita Bernardo.
260 _aPhilippines :
260 _bAnvil,
260 _c2007
300 _a228 pages :
300 _billustrations ;
300 _c25cm.
650 _aCultural Development in the Philippines.
650 _aCultural policy.
650 _aPerforming arts --
650 _aPhilippines --
650 _xCultural policy.
650 _xPhilippines.
650 _xTitle.
999 _c340309
_d340309